000 00701nam a2200289Ia 4500
005 20260324124208.0
008 008 260324s9999 xx 000 0 eng d
020 _a9780203840900
037 _aEBOOK
040 _aCRL
040 _beng
040 _cCRL
041 _2eng
041 _aeng
084 _qCRL
100 _aGeorg Nicolaus
_91173211
245 0 _aC.G. Jung and Nikolai Berdyaev: Individuation and the Person
245 2 _bA Critical Comparison
260 _bTaylor and Francis
260 _c2010
365 _a
365 _b180
856 _uhttp://www.taylorfrancis.com/books/9780203840900
942 _cEBOOK
999 _c1767395
_d1767395